000 03277cam a2200517 a 4500
999 _c3567
_d3567
001 18150699
003 GZU
005 20201202112912.0
008 140514s2013 enka b 001 0 eng d
010 _a 2013478598
015 _aGBB359952
_2bnb
016 7 _a016449344
_2Uk
020 _a9781780323725 (hbk.)
020 _a1780323727 (hbk.)
020 _a1780323719 (pbk.)
020 _a9781780323718 (pbk.)
035 _a(OCoLC)ocn852808107
040 _aUKMGB
_beng
_cUKMGB
_dOCLCO
_dUAB
_dYDXCP
_dBTCTA
_dBDX
_dSOI
_dBEDGE
_dDLC
042 _alccopycat
050 0 0 _aHD2117
_b.CHE 2013
082 0 4 _a338.1096
_223
100 0 _aFantu Cheru,
_d1949-
_eeditor.
245 1 0 _aAgricultural development and food security in Africa :
_bthe impact of Chinese, Indian and Brazilian Investments /
_cedited by Fantu Cheru and Renu Modi.
264 1 _aLondon :
_bZed Books,
_c[2013]
300 _axiii, 263 pages :
_billustrations ;
_c24 cm
336 _atext
_2rdacontent
337 _aunmediated
_2rdamedia
338 _avolume
_2rdacarrier
490 1 _aAfrica now
504 _aIncludes bibliographical references (pages 230-252) and index.
505 0 _aIntroduction: Peasants, the state and foreign direct investment in African agriculture / Fantu Cheru and Renu Modi -- Catalysing an agricultural revolution in Africa: what role for foreign direct investment? / Fantu Cheru, Renu Modi and Sanusha Naidu -- Agrarian transformation in Africa and its decolonisation / Sam Moyo -- India and Africa: new trends in sustainable agricultural development / Gurjit Singh -- India's strategy for African agriculture: assessing the technology, knowledge and finance platforms / Renu Modi -- Up for grabs: the case of large Indian investments in Ethiopian agriculture / Dessalegn Rahmato -- Indian agricultural companies, 'land grabbing' in Africa and activists' responses / Rick Rowden -- Brazil's cooperation in African agricultural development and food security / Thomas Cooper Patriota and Francesco Maria Pierri -- Brazil, biofuels and food security in Mozambique / Kai Thaler -- South-South cooperation in agriculture: the India, Brazil and South Africa dialogue forum / Alexandra Arkhangelskaya and Albert Khamatshin -- China's food security challenge: what role for Africa? / Simon Freemantle and Jeremy Stevens -- China's agricultural and rural development: lessons for African countries / Xiuli Xu and Xiaoyun Li -- Conclusions and the way forward / Fantu Cheru and Renu Modi.
650 0 _aAgricultural development projects
_zAfrica.
650 0 _aFood security
_zAfrica.
650 0 _aFood supply
_zAfrica.
651 0 _aAfrica
_xForeign economic relations
_zChina.
651 0 _aChina
_xForeign economic relations
_zAfrica.
651 0 _aAfrica
_xForeign economic relations
_zIndia.
651 0 _aIndia
_xForeign economic relations
_zAfrica.
651 0 _aAfrica
_xForeign economic relations
_zBrazil.
651 0 _aBrazil
_xForeign economic relations
_zAfrica.
700 1 _aModi, Renu,
_d1963-
_eeditor.
830 0 _aAfrica now (Zed Books)
906 _a7
_bcbc
_ccopycat
_d2
_encip
_f20
_gy-gencatlg
942 _2lcc
_cBK
_h2117
_iCHE
_kHD